Score 0/32 Timer 10:00
0 Plays Today
Actors' First Names 40s or 50s TV Show % Correct
William & VivianI Love Lucy
89.2%
Lorne & PernellBonanza
71.3%
Jackie & AudreyThe Honeymooners
70.7%
Annette & JimmieThe Mickey Mouse Club
61.8%
Donna & PaulThe Donna Reed Show
58.6%
Ricky & DavidThe Adventures of Ozzie & Harriet
56.2%
Jerry & TonyLeave It to Beaver
55.9%
Robert & JaneFather Knows Best
53%
Raymond & BarbaraPerry Mason
52.1%
Dennis & AmandaGunsmoke
49.6%
Jay & ClaytonThe Lone Ranger
45.1%
Imogene & SidYour Show of Shows
38.7%
Chuck & JohnnyThe Rifleman
35.9%
Milton & KenTexaco Star Theater
33.4%
Clint & PaulRawhide
30.5%
Efrem & Edd77 Sunset Strip
28.9%
Actors' First Names 40s or 50s TV Show % Correct
Eve & GaleOur Miss Brooks
27.5%
Jack & BenDragnet
26%
Tommy & JanLassie
19.6%
Richard & WalterThe Real McCoys
17.2%
Frank & TerryWagon Train
15.1%
Jack & JamesMaverick
15%
Gale & CharlesMy Little Margie
14.7%
Richard & KamHave Gun Will Travel
13.7%
Bob & BobThe Howdy Doody Show
13%
Guy & GeneZorro
11.7%
Connie & RobertHawaiian Eye
11.3%
George & JackAdventures of Superman
10.5%
Alvin & SpencerThe Amos 'n Andy Show
8.4%
Morey & ArtThe Morey Amsterdam Show
6.4%
Peter & PhyllisThe Thin Man
6.1%
Peter & BobbyFury
4.3%
Remove Ads.
Support Sporcle.
Get the best of Sporcle when you Go Orange. This ad-free experience offers more features, more stats, and more fun while also helping to support Sporcle. Thank you for becoming a member.

You're not logged in!

Compare scores with friends on all Sporcle quizzes.
OR
Log In

Show Comments

Extras

Top Quizzes Today


Score Distribution

Your Account Isn't Verified!

In order to create a playlist on Sporcle, you need to verify the email address you used during registration. Go to your Sporcle Settings to finish the process.

Report this User

Report this user for behavior that violates our Community Guidelines.

Details: